00982nam a22002417a 4500003000900000005001700009008003000026020002700056040002200083082003200105245015100137250001100288260008200299300002400381490002300405500003800428650006300466650006100529650005700590700003100647700003900678830002300717DO-SdBNP20180313112852.0160511b dr 2005 00| 0 spa d a8482617338 (Módulo7) aBPMSUbspacBPMSU 4a374.83bP927e 3ro. 2005 aPrepara educación de adultos :b3ro. bachillerato /cManuel García Cartagena ... [et al.] ; dirección editorial Obdulia García de Escobar  a2a ed. aSanto Domingo :bSecretaría de Estado de Educación :bSantillana ;c2005. av. :bil. ;c28 cm.1 aSantillana adultos aLa biblioteca posee el módulo 7 4aEDUCACIÓN SECUNDARIA DE ADULTOSzREPÚBLICA DOMINICANA 4aEDUCACIÓN SECUNDARIA DE ADULTOSxESTUDIOS Y EJERCICIOS 4aEDUCACIÓN SECUNDARIA DE ADULTOS xLIBROS DE TEXTOS12aGarcía Cartagena, Manuel12aGarcía de Escobar, Obdulia,eed. 0aSantillana adultos